Plant Biotechnology and Genetics: Principles, Techniques, and Applications (Record no. 1688485)

MARC details
000 -LEADER
fixed length control field 00357 a2200133 4500
000 - LEADER
fixed length control field nam a22 7a 4500
005 - DATE AND TIME OF LATEST TRANSACTION
control field 20260306113221.0
020 ## - INTERNATIONAL STANDARD BOOK NUMBER
International Standard Book Number 9781394217212
100 ## - MAIN ENTRY--PERSONAL NAME
Personal name C. Neal Stewart
9 (RLIN) 1123645
245 ## - TITLE STATEMENT
Title Plant Biotechnology and Genetics: Principles, Techniques, and Applications
250 ## - EDITION STATEMENT
Edition statement 3rd
260 ## - PUBLICATION, DISTRIBUTION, ETC.
Name of publisher, distributor, etc. Wiley
Date of publication, distribution, etc. 2025
942 ## - ADDED ENTRY ELEMENTS (KOHA)
Koha item type Textual
Holdings
Withdrawn status Lost status Source of classification or shelving scheme Damaged status Not for loan Home library Current library Date acquired Source of acquisition Cost, normal purchase price Inventory number Total Checkouts Barcode Date last seen Cost, replacement price Price effective from Koha item type
    Colon Classification (CC)   Ordered South Campus Library South Campus Library 2026-03-06 93 9657.49 019 & 03/12/2025   SC1691539 2026-03-06 12071.86 2026-03-06 Textual
    Colon Classification (CC)   Ordered South Campus Library South Campus Library 2026-03-06 93 9657.49 019 & 03/12/2025   SC1691540 2026-03-06 12071.86 2026-03-06 Textual
    Colon Classification (CC)   Ordered South Campus Library South Campus Library 2026-03-06 93 9657.49 019 & 03/12/2025   SC1691542 2026-03-06 12071.86 2026-03-06 Textual
    Colon Classification (CC)   Ordered South Campus Library South Campus Library 2026-03-06 93 9657.49 019 & 03/12/2025   SC1691541 2026-03-06 12071.86 2026-03-06 Textual
    Colon Classification (CC)   Ordered South Campus Library South Campus Library 2026-03-06 93 9657.49 019 & 03/12/2025   SC1691543 2026-03-06 12071.86 2026-03-06 Textual
Copyright @ Delhi University Library System